al-dalil al-sinima'i lil-Sharq al-awsat /
Other Authors:
Format: Book
Language: Arabic
Published:
Cairo, Egypt :
S.O.P. press,
1947.
Edition: 1st ed.
Subjects:
Tags: Add Tag
Call Number: PN1993.5 .M53 M584 1947
| LEADER | 01046nam a22003017a 4500 | ||
|---|---|---|---|
| 003 | OSt | ||
| 005 | 20251221133600.0 | ||
| 008 | 251221t1947 ua r 000 0 ara d | ||
| 040 | |c ARCE Library | ||
| 043 | |a wa----- | ||
| 050 | 1 | 4 | |a PN1993.5 .M53 |b M584 1947 |
| 245 | 0 | 3 | |6 880-02 |a al-dalil al-sinima'i lil-Sharq al-awsat / |c Jack Pascal. |
| 246 | 3 | 1 | |a The Middle-East motion picture almanac. |
| 250 | |a 1st ed. | ||
| 264 | 1 | |a Cairo, Egypt : |b S.O.P. press, |c 1947. | |
| 300 | |a 218, 190 pages ; |c 24 cm. | ||
| 500 | |a Description based on: 1946-47. | ||
| 546 | |a English, French, and Arabic. | ||
| 555 | |a barakat.lib | ||
| 555 | |a Nawal. | ||
| 650 | 0 | |a Motion picture producers and directors |z Middle East |v Directories. | |
| 650 | 0 | |a Motion picture industry |z Middle East |v Directories. | |
| 650 | 0 | |a Motion picture industry |z Arab countries |v Directories. | |
| 700 | 1 | |a Pascal, Jacques. |e editor | |
| 880 | 1 | 2 | |6 245-02/(3/r |a الدليل السينمائي للشرق الأوسط |
| 901 | |a reviewed | ||
| 942 | |c BK |2 lcc | ||
| 999 | |c 24163 |d 24163 | ||
